Keď podnikáte, musí vám vyjsť aspoň na kávičku

Bibliographic Details
Main Authors: Kováč, Pavel (Author, Interviewer), Konárik, Karol, 1949- (Author)
Format: Article
Language:Slovak
PhysicalDescription:Fotogr.
ISSN:1335-4620
Subjects:

MARC

LEADER 00000nab a2200000 ar4500
001 vtls009004785
003 SK-MaSNL
005 20260303065646.0
008 070703c2007 xo er|p|||||||000 b|slo
015 |a SNBRB2007/07  |2 snkbucl 
038 |a SNKBUCL 
040 |a SNKBUCL  |b slo  |c SNKBUCL  |e AACR2 
041 0 |a slo 
044 |a xo  |c SK 
080 |a 658-051  |2 2001 
080 |a 929 Konárik, Karol  |2 2001 
100 1 |a Kováč, Pavel  |4 ivr  |4 aut  |9 376910 
245 1 0 |a Keď podnikáte, musí vám vyjsť aspoň na kávičku  |c Pavel Kováč, Karol Konárik 
300 |b Fotogr. 
600 1 7 |a Konárik, Karol,  |d 1949-  |2 snkbucl  |9 103493 
700 1 |a Konárik, Karol,  |d 1949-  |4 ive  |4 aut  |9 103493 
773 0 |t Profit  |g Č. 13 (2007), s. 18-21  |x 1335-4620 
852 |a SNK  |b KIS3GCP 
958 |a BX 
999 |c 1752090  |d 1754020